César du meilleur acteur dans un second rôle - Statistiques

Statistiques générales
  • Ce quiz a été pris 635 fois
  • Le résultat moyen est 22 sur 40
Statistiques - réponses
Année Acteur Film % Correct
1976 Jean Rochefort Que la fête commence
85%
1998 Jean-Pierre Bacri On connaît la chanson
82%
1999 Daniel Prévost Le Dîner de cons
76%
1984 Richard Anconina Tchao Pantin
76%
1996 Eddy Mitchell Le Bonheur est dans le pré
75%
1977 Claude Brasseur Un éléphant ça trompe énormément
72%
2001 Gérard Lanvin Le Goût des autres
72%
2007 Kad Merad Je vais bien, ne t'en fais pas
72%
2012 Michel Blanc L'exercice de l'Etat
72%
1986 Michel Boujenah Trois hommes et un couffin
70%
2006 Niels Arestrup De battre mon coeur s'est arrêté
67%
2010 Niels Arestrup Un Prophète
67%
2014 Niels Arestrup Quai d'Orsay
67%
1987 Pierre Arditi Mélo
67%
1979 Jacques Villeret Robert et Robert
66%
2013 Guillaume de Tonquédec Le Prénom
63%
1995 Jean-Hugues Anglade La Reine Margot
63%
1994 Fabrice Luchini Tout ça pour ça
60%
1997 Jean-Pierre Darroussin Un air de famille
60%
2015 Reda Kateb Hippocrate
55%
1993 André Dussollier Un coeur en hiver
53%
2002 André Dussollier La Chambre des officiers
53%
1983 Jean Carmet Les Misérables
53%
1992 Jean Carmet Merci la vie
53%
2011 Michael Lonsdale Des hommes et des dieux
53%
1982 Guy Marchand Garde à vue
52%
2000 François Berléand Ma petite entreprise
48%
2008 Sami Bouajila Les Témoins
44%
1991 Jacques Weber Cyrano de Bergerac
43%
1980 Jean Bouise Coup de tête
40%
1978 Jacques Dufilho Le Crabe-tambour
39%
1981 Jacques Dufilho Un mauvais fils
39%
1989 Patrick Chesnais La Lectrice
38%
2005 Clovis Cornillac Mensonges et trahisons et plus si affinités
34%
2004 Darry Cowl Pas sur la bouche
34%
1985 Richard Bohringer L'addition
34%
2003 Bernard Le Coq Se souvenir des belles choses
31%
1988 Jean-Claude Brialy Les Innocents
29%
2009 Jean-Paul Roussillon Un conte de Noël
28%
1990 Robert Hirsch Hiver 54, l'abbé Pierre
19%
Aucun quiz correspondant
Distribution des résultats
% des personnes avec chaque résultat
Percentile par nombre de réponses
Votre historique - résultats
Vous n’avez pas pris ce quiz